000
00252 a2200097 4500
001
51923
100
_a
Polmar N
245
_a
Strategic Weapons Introduction
260
_a
New York
_b
National Strategy Information Centre Inc
_c
090
_c
32773
_d
32773
942
_a
NUST-CAE
_c
M
_c
25306
999
_c
286996
_d
286996